| 000 | 00802nas a2200265 4500 | ||
|---|---|---|---|
| 001 | BR9903673 | ||
| 003 | BR-BrBNA | ||
| 005 | 20231205101509.0 | ||
| 007 | ta | ||
| 008 | 230509b bl.|||p| |||| 00| 00por d | ||
| 040 |
_aBR-BrBNA _bpor _cBiblioteca Nacional de Agricultura |
||
| 041 | _a(Pt) | ||
| 072 | _aF03 | ||
| 100 | 1 | _aGentil, D.F. de O. | |
| 100 | 1 | _aFerreira, S.A. do N. | |
| 245 | 1 | _aViabilidade e superacao da dormencia em sementes de araca-boi (Eugenia stipitata ssp. sororia) | |
| 650 | _aAraca-Boi | ||
| 650 | _aSemente | ||
| 650 | _aEscarificacao | ||
| 650 | _aDormencia da Semente | ||
| 650 | _aGerminacao | ||
| 773 | 0 |
_tActa Amazonica (Brazil) _xISSN 0044-5967 _g(Mar 1999), v. 29(1) p. 21-31 _wBR9903673 |
|
| 909 |
_a202311 _bLúcia _c55 _dLúcia Elande |
||
| 942 |
_2AGRIS _n0 _cANA |
||
| 999 |
_c162196 _d162196 |
||